Use of hydrological knowledge and community participation for improving decision-making on irrigation water allocation / (Record no. 19234)

000 -LEADER
fixed length control field 00763cam a2200229 a 4500
020 ## - INTERNATIONAL STANDARD BOOK NUMBER
ISBN 9789996359002
040 ## - CATALOGING SOURCE
Transcribing agency COO
082 ## - DEWEY DECIMAL CLASSIFICATION NUMBER
Classification number 174 CDR 2011 C166 Or.
100 1# - MAIN ENTRY--AUTHOR NAME
Personal name Chem, Phalla.
245 10 - TITLE STATEMENT
Title Use of hydrological knowledge and community participation for improving decision-making on irrigation water allocation /
260 ## - PUBLICATION, DISTRIBUTION, ETC. (IMPRINT)
Place of publication Phnom Penh, Cambodia :
Name of publisher CDRI,
Year of publication c2011.
300 ## - PHYSICAL DESCRIPTION
Number of Pages xi, 49 p. :
Other physical details ill., col. maps ;
Dimensions 28 cm.
490 0# - SERIES STATEMENT
Series statement CDRI working paper series ;
500 ## - GENERAL NOTE
General note "March 2011."
650 #0 - SUBJECT ADDED ENTRY--TOPICAL TERM
Topical Term Irrigation
650 #0 - SUBJECT ADDED ENTRY--TOPICAL TERM
Topical Term Irrigation
650 #0 - SUBJECT ADDED ENTRY--TOPICAL TERM
Topical Term Water-supply
650 #0 - SUBJECT ADDED ENTRY--TOPICAL TERM
Topical Term Hydrology
700 1# - ADDED ENTRY--PERSONAL NAME
Personal name Someth, Paradis.
710 2# - ADDED ENTRY--CORPORATE NAME
Corporate name or jurisdiction name as entry element Vidyāsthān Paṇṭuḥ Paṇṭāl niṅ Srāvjrāv ṭoempī Qabhivaḍḍhn ̊Kambujā.
942 ## - ADDED ENTRY ELEMENTS (KOHA)
Koha item type សៀវភៅភាសាអង់គ្លេស
952 ## - LOCATION AND ITEM INFORMATION (KOHA)
Withdrawn status [LOCAL, KOHA] 0
Holdings
Permanent Location Date acquired Koha item type Lost status Shelving location Barcode Current Location Full call number
Library Block C2020-06-06សៀវភៅភាសាអង់គ្លេស C166A37592Library Block C174 CDR 2011 C166 Or.
មជ្ឈមណ្ឌលឯការនៃសាកលវិទ្យាល័យភូមិន្ទកសិកម្មចំការដូង

Powered by Koha